000 01042nam a2200301Ia 4500
003 OSt
005 20221007121303.0
006 a|||||r|||| 00| 0
007 ta
008 221006b |||||||| |||| 00| 0 eng d
020 _a9781780642789 (hbk)
024 _a190378
037 _b205, 28/03/2014, N R Book Distributors
_cTextual
040 _aBDL
_cBDL
_beng
041 _2eng
_aeng
082 _aJ:4, Q3 Carb
100 _aKumar Prakash
_9711280
245 0 _aNutrient deficiencies of field crops : guide to diagnosis and management
_b Sharma Manoj Kumar
260 _aBoston
_bCABI
_c2013
300 _axiii,378p. col.ill.
_ccm.
500 _aInclude bibliographical references.; Index 373-378p.
650 _a Field crops - diseases
_9711281
650 _a Field crops - nutrition
_9710262
650 _aBotany
700 _a Sharma Manoj Kumar
_9393831
942 _hJ:4, Q3 Carb
_cTEXL
_2CC
999 _c1208666
_d1208666